Digital control system analysis and design / (Record no. 189083)
[ view plain ]
| 000 -LEADER | |
|---|---|
| fixed length control field | 01152 a2200241 4500 |
| 003 - CONTROL NUMBER IDENTIFIER | |
| control field | Nust |
| 005 - DATE AND TIME OF LATEST TRANSACTION | |
| control field | 20230221184945.0 |
| 010 ## - LIBRARY OF CONGRESS CONTROL NUMBER | |
| LC control number | 94003482 |
| 020 ## - INTERNATIONAL STANDARD BOOK NUMBER | |
| International Standard Book Number | 013309832X |
| 040 ## - CATALOGING SOURCE | |
| Transcribing agency | Nust |
| 082 00 - DEWEY DECIMAL CLASSIFICATION NUMBER | |
| Classification number | 629.895,PHI |
| 100 1# - MAIN ENTRY--PERSONAL NAME | |
| Personal name | Phillips, Charles L. |
| 9 (RLIN) | 44526 |
| 245 10 - TITLE STATEMENT | |
| Title | Digital control system analysis and design / |
| Statement of responsibility, etc. | Charles L. Phillips, H. Troy Nagle. |
| 250 ## - EDITION STATEMENT | |
| Edition statement | 3rd ed. |
| 260 ## - PUBLICATION, DISTRIBUTION, ETC. | |
| Place of publication, distribution, etc. | Englewood Cliffs, N.J. : |
| Name of publisher, distributor, etc. | Prentice Hall, |
| Date of publication, distribution, etc. | c1995. |
| 300 ## - PHYSICAL DESCRIPTION | |
| Extent | xv, 685 p. ; |
| Dimensions | 25 cm. |
| 505 ## - FORMATTED CONTENTS NOTE | |
| Formatted contents note | Introduction (Page-1), Discrete Time Systems And The Z-Transform (Page-27), Sampling And Reconstruction (Page-89), Open Loop Discrete Time Systems (Page-131), Closed Loop Systems (Page-173), Stability Analysis Techniques (Page-235), Digital Controller Design (Page-281), Pole Assignment Design And State Estimation (Page-337), Liner Quadratic Optimal Control (Page-382), Digital Filter Structures (Page-465), Finite Wordlength Effects (Page-525). |
| 650 #0 - SUBJECT ADDED ENTRY--TOPICAL TERM | |
| Topical term or geographic name entry element | Digital control systems. |
| 650 #0 - SUBJECT ADDED ENTRY--TOPICAL TERM | |
| Topical term or geographic name entry element | Electric filters, Digital. |
| 9 (RLIN) | 55760 |
| 650 #0 - SUBJECT ADDED ENTRY--TOPICAL TERM | |
| Topical term or geographic name entry element | Intel 8086 (Microprocessor) |
| 9 (RLIN) | 95146 |
| 700 1# - ADDED ENTRY--PERSONAL NAME | |
| Personal name | Nagle, H. Troy, |
| Dates associated with a name | 1942- |
| 9 (RLIN) | 106756 |
| 942 ## - ADDED ENTRY ELEMENTS (KOHA) | |
| Source of classification or shelving scheme | |
| Koha item type | Book |
| Withdrawn status | Lost status | Source of classification or shelving scheme | Damaged status | Not for loan | Permanent Location | Current Location | Shelving location | Date acquired | Full call number | Barcode | Date last seen | Price effective from | Koha item type | Public note |
|---|---|---|---|---|---|---|---|---|---|---|---|---|---|---|
| Military College of Signals (MCS) | Military College of Signals (MCS) | Reference | 12/12/2016 | 629.895,PHI | MCS5594 | 12/08/2016 | 12/12/2016 | Reference | Almirah No.71, Shelf No.1 |
